000 00357nam a22001337a 4500
020 _qHB.
040 _cFIZZA ISHAQ
082 _a343.097
_b MIC
100 _aKRONENWETTER,MICHAEL.
_9132513
245 _aFREE PRESS V. FAIR TRIAL /
_cMICHAEL KRONENWETTER.
260 _aNEW YORK;
_bFRANKLIN WATTA,
_c1986.
300 _a104 P. ;
_c9.2X6.1IN
942 _2ddc
_cBK
999 _c615649
_d615649